[Event "DVM U20 2017"]
[Site "Düsseldorf GER"]
[Date "2017.12.30"]
[Round "7"]
[White "Bühler, Severin"]
[Black "Zimmer, Raphael"]
[Result "0-1"]
[Termination "normal"]
[Board "4.4"]
[BlackTitle "FM"]
[WhiteElo "1846"]
[BlackElo "2122"]
[WhiteTeam "Heilbronner SV"]
[BlackTeam "SF Sasbach"]
[PlyCount "106"]
[WhiteFideId "16203178"]
[BlackFideId "12978841"]
[EventCountry "GER"]
[EventRounds "7"]
[EventType "team-swiss"]
[EventDate "2017.12.26"]

1. e4 e5 2. Nf3 Nc6 3. Bb5 a6 4. Ba4 Nf6 5. O-O Be7 6. Re1 b5 7. Bb3 O-O 8. c3
Bb7 9. d4 d6 10. h3 exd4 11. cxd4 Na5 12. Bc2 c5 13. d5 Nd7 14. Nbd2 Bf6 15.
Rb1 Re8 16. Nf1 Nc4 17. b3 Ncb6 18. Ng3 g6 19. Bb2 Rc8 20. Qd2 Bxb2 21. Rxb2
Qf6 22. Rbb1 Re7 23. Rec1 Qg7 24. Qf4 Ne5 25. Nxe5 Rxe5 26. Qd2 Re7 27. f4 Nd7
28. Kh2 h5 29. Re1 Rce8 30. Nh1 Nf6 31. Nf2 h4 32. Rbd1 b4 33. Bd3 Bc8 34. Re2
Nh5 35. Nh1 Qf6 36. Rf1 g5 37. f5 Qe5+ 38. Kg1 Nf4 39. Re3 Bxf5 40. Bxa6 Ra8
41. Bc4 Qd4 42. Rf2 Rxe4 43. Rxe4 Qxe4 44. Rf1 Qc2 45. Qxc2 Bxc2 46. Re1 Kf8
47. Nf2 Rxa2 48. Re3 Bf5 49. Rf3 Rc2 50. Kh2 Rxc4 51. bxc4 Bc2 52. g3 hxg3+ 53.
Rxg3 b3 0-1

[Event "DVM U20 2017"]
[Site "Düsseldorf GER"]
[Date "2017.12.30"]
[Round "7"]
[White "Ehmann, Johanna"]
[Black "Ignatov, Dmitriy"]
[Result "1-0"]
[Termination "normal"]
[Board "4.5"]
[WhiteElo "1819"]
[BlackElo "1759"]
[WhiteTeam "SF Sasbach"]
[BlackTeam "Heilbronner SV"]
[PlyCount "53"]
[WhiteFideId "12953130"]
[BlackFideId "12927872"]
[EventCountry "GER"]
[EventRounds "7"]
[EventType "team-swiss"]
[EventDate "2017.12.26"]

1. e4 c6 2. c4 d5 3. exd5 cxd5 4. cxd5 Nf6 5. Nc3 Nxd5 6. Nf3 e6 7. d4 Be7 8.
Bd3 Nxc3 9. bxc3 Nd7 10. O-O O-O 11. Bc2 b6 12. Qd3 g6 13. Re1 Bb7 14. Ne5 Nxe5
15. Rxe5 Bf6 16. Rh5 e5 17. Rh6 exd4 18. Ba3 Re8 19. Bb3 dxc3 20. Bxf7+ Kxf7
21. Rxh7+ Bg7 22. Qxc3 Rg8 23. Bb2 Qf8 24. Qc4+ Ke8 25. Qe6+ Kd8 26. Rd1+ Kc7
27. Be5+ 1-0

[Event "DVM U20 2017"]
[Site "Düsseldorf GER"]
[Date "2017.12.30"]
[Round "7"]
[White "Schäfer, Daniel"]
[Black "Schneider, Edward"]
[Result "1/2-1/2"]
[Termination "normal"]
[Board "4.6"]
[WhiteElo "1797"]
[BlackElo "1673"]
[WhiteTeam "Heilbronner SV"]
[BlackTeam "SF Sasbach"]
[PlyCount "63"]
[WhiteFideId "16235088"]
[BlackFideId "16200870"]
[EventCountry "GER"]
[EventRounds "7"]
[EventType "team-swiss"]
[EventDate "2017.12.26"]

1. d4 d5 2. c4 e6 3. cxd5 exd5 4. Nc3 Nf6 5. Bg5 Be7 6. e3 O-O 7. Bd3 h6 8. Bh4
Re8 9. Nge2 c6 10. Qc2 Ne4 11. Bxe7 Qxe7 12. Bxe4 dxe4 13. Ng3 f5 14. Nge2 Nd7
15. h4 Nf6 16. h5 Be6 17. Nf4 Bf7 18. Nce2 Rac8 19. Qc5 Nd5 20. Qxe7 Rxe7 21.
a3 Nxf4 22. Nxf4 c5 23. Rc1 Rec7 24. dxc5 Rxc5 25. Rxc5 Rxc5 26. Kd2 Kf8 27. b4
Rc6 28. Rc1 Rxc1 29. Kxc1 Ke7 30. Kc2 Kd6 31. Kc3 Ke5 32. Kc2 {(=)} 1/2-1/2

[Event "DVM U20 2017"]
[Site "Düsseldorf GER"]
[Date "2017.12.30"]
[Round "7"]
[White "Köllner, Ruben Gideon"]
[Black "Oberhofer, Cédric"]
[Result "0-1"]
[Termination "normal"]
[Board "5.1"]
[WhiteElo "2147"]
[BlackElo "2120"]
[WhiteTeam "SG Bochum"]
[BlackTeam "SC Bavaria Regensburg"]
[PlyCount "96"]
[WhiteFideId "12993093"]
[BlackFideId "12941220"]
[EventCountry "GER"]
[EventRounds "7"]
[EventType "team-swiss"]
[EventDate "2017.12.26"]

1. d4 Nf6 2. Bg5 Ne4 3. Bf4 c5 4. f3 Qa5+ 5. c3 Nf6 6. d5 Qb6 7. Bc1 e6 8. e4
d6 9. Na3 exd5 10. exd5 Be7 11. Nc4 Qc7 12. a4 O-O 13. Ne2 Nh5 14. Kf2 f5 15.
Nf4 Nxf4 16. Bxf4 g5 17. Bd2 Nd7 18. Qc1 f4 19. h4 Nf6 20. Na3 gxh4 21. Qc2 c4
22. Bxc4 Qb6+ 23. Kf1 Nh5 24. Be1 Bf5 25. Qd2 Ng3+ 26. Bxg3 fxg3 27. b4 a5 28.
Bb3 axb4 29. cxb4 Bf6 30. Ra2 Rae8 31. a5 Qe3 32. Bc4 h3 33. Qxe3 Rxe3 34. gxh3
Rxf3+ 35. Ke1 Bc3+ 36. Kd1 Bxb4 37. Nc2 Bc5 38. Ne1 Rc3 39. Bf1 Re8 40. Bg2 Be3
41. Ra1 Bf2 42. Ra2 Rec8 43. Ke2 Rc1 44. Nf3 Re8+ 45. Kd2 Be3+ 46. Ke2 Bf4+ 47.
Ne5 Rxh1 48. Bxh1 Bxe5 0-1

[Event "DVM U20 2017"]
[Site "Düsseldorf GER"]
[Date "2017.12.30"]
[Round "7"]
[White "Gabler, Eric"]
[Black "Stricker, Florian"]
[Result "1-0"]
[Termination "normal"]
[Board "5.2"]
[WhiteElo "2078"]
[BlackElo "2080"]
[WhiteTeam "SC Bavaria Regensburg"]
[BlackTeam "SG Bochum"]
[PlyCount "129"]
[WhiteFideId "12949841"]
[BlackFideId "12976385"]
[EventCountry "GER"]
[EventRounds "7"]
[EventType "team-swiss"]
[EventDate "2017.12.26"]

1. d4 Nf6 2. c4 e6 3. Nf3 b6 4. g3 Bb7 5. Bg2 Bb4+ 6. Bd2 Bxd2+ 7. Nbxd2 O-O 8.
O-O d6 9. Qc2 c5 10. Rfd1 Qc7 11. Rac1 h6 12. Qb1 Nbd7 13. a3 Rfd8 14. e3 Rac8
15. b4 Qb8 16. Qa2 Ne4 17. Ne1 Ndf6 18. Nxe4 Nxe4 19. Qe2 Qa8 20. Nf3 Rc7 21.
Nd2 Ng5 22. Bxb7 Qxb7 23. h4 Ne4 24. Qf3 Nxd2 25. Qxb7 Rxb7 26. Rxd2 Rc7 27.
Kf1 Kf8 28. Ke2 Ke7 29. Kd3 Rdc8 30. Rdc2 Kd7 {(=)} 31. Rc3 Ke7 32. Rb1 Kd7 33.
Rbc1 Ke7 34. R1c2 Kd7 35. Kd2 Ke7 36. Kd3 Kd7 37. Re2 Ke7 38. e4 cxd4 39. Kxd4
e5+ 40. Kd3 Ke6 41. Rec2 Kd7 42. Ra2 Ke7 43. Rb2 a6 44. f3 Ke6 45. g4 f6 46. a4
Kd7 47. Ra2 Rb8 48. Rb2 Rcc8 49. Ra3 Rc7 50. a5 b5 51. Rc3 bxc4+ 52. Rxc4 Rxc4
53. Kxc4 Rb5 54. Rd2 Kc6 55. Rd1 Rb8 56. Rd5 Rb7 57. Kc3 Rb8 58. h5 Rb7 59. Kc4
Rb5 60. Rxb5 axb5+ 61. Kd3 Kb7 62. Ke3 Kc6 63. f4 Kb7 64. Kf3 Kc7 65. g5 1-0

[Event "DVM U20 2017"]
[Site "Düsseldorf GER"]
[Date "2017.12.30"]
[Round "7"]
[White "Rempe, Moritz"]
[Black "Dechant, Georg"]
[Result "1-0"]
[Termination "normal"]
[Board "5.3"]
[WhiteElo "1990"]
[BlackElo "2060"]
[WhiteTeam "SG Bochum"]
[BlackTeam "SC Bavaria Regensburg"]
[PlyCount "129"]
[WhiteFideId "12906867"]
[BlackFideId "12956716"]
[EventCountry "GER"]
[EventRounds "7"]
[EventType "team-swiss"]
[EventDate "2017.12.26"]

1. d4 Nf6 2. c4 c5 3. d5 e6 4. dxe6 fxe6 5. Bg5 Be7 6. Nc3 O-O 7. g3 Nc6 8. Bg2
Ne5 9. Qb3 Nfg4 10. Bxe7 Qxe7 11. Nf3 Qf7 12. O-O Qh5 13. h3 Nxf3+ 14. exf3 Ne5
15. f4 Nf3+ 16. Bxf3 Qxf3 17. Nb5 Qh5 18. Kh2 e5 19. g4 Qh6 20. f5 b6 21. Qe3
Qxe3 22. fxe3 Bb7 23. Nd6 Bc6 24. g5 a6 25. f6 b5 26. f7+ Kh8 27. b3 Rab8 28.
cxb5 axb5 29. Rf5 Bd5 30. Raf1 Be6 31. Rxe5 Rb6 32. Ne4 Ra6 33. Nxc5 Rxa2+ 34.
Kg3 g6 35. Nxe6 dxe6 36. Rxb5 Kg7 37. Rb7 Re2 38. Kf3 Rh2 39. Kg3 Re2 40. Rf3
e5 41. Re7 Rb2 42. e4 Re2 43. Rxe5 Rxf7 44. Rxf7+ Kxf7 45. b4 Re3+ 46. Kg4 Rb3
47. b5 Rb4 48. Kf4 Rb3 49. h4 Rh3 50. Kg4 Re3 51. h5 Re1 52. hxg6+ Kxg6 53.
Re6+ Kf7 54. Kf5 Rf1+ 55. Ke5 Rg1 56. Rf6+ Ke7 57. Rf5 Rb1 58. Kd4 Rb4+ 59. Kc5
Rxe4 60. Kc6 Ke6 61. Rc5 Rd4 62. b6 Rd6+ 63. Kc7 Rd7+ 64. Kc8 Kd6 65. Rc7 1-0

[Event "DVM U20 2017"]
[Site "Düsseldorf GER"]
[Date "2017.12.30"]
[Round "7"]
[White "Ließ, Alexander"]
[Black "Wübker, Paul-Luca"]
[Result "1/2-1/2"]
[Termination "normal"]
[Board "5.4"]
[WhiteElo "1770"]
[BlackElo "2053"]
[WhiteTeam "SC Bavaria Regensburg"]
[BlackTeam "SG Bochum"]
[PlyCount "120"]
[WhiteFideId "16221338"]
[BlackFideId "12939528"]
[EventCountry "GER"]
[EventRounds "7"]
[EventType "team-swiss"]
[EventDate "2017.12.26"]

1. d4 Nf6 2. Nf3 d5 3. Bf4 c5 4. e3 Bf5 5. Bd3 Bxd3 6. Qxd3 c4 7. Qe2 Nc6 8.
O-O e6 9. c3 Be7 10. h3 O-O 11. Nbd2 b5 12. a3 a5 13. e4 b4 14. exd5 exd5 15.
axb4 axb4 16. Ne5 Nxe5 17. dxe5 Nd7 18. Rxa8 Qxa8 19. Qg4 Qc6 20. Ra1 Nc5 21.
Nf3 Qe6 22. Ra7 Qxg4 23. hxg4 Re8 24. cxb4 Nd3 25. Bd2 Nxb2 26. Rd7 Na4 27.
Rxd5 c3 28. Bf4 c2 29. Rd7 Bxb4 30. Rd4 Nc3 31. Rxb4 Ne2+ 32. Kh2 Nxf4 33. Rc4
Kf8 34. Rxc2 Nd3 35. Re2 f6 36. e6 Nf4 37. Re4 Nxe6 38. Kg3 Kf7 39. Ra4 Re7 40.
Rc4 Ra7 41. Rc3 {(=)} Rc7 42. Rxc7+ Nxc7 43. Kf4 Ne6+ 44. Ke3 g6 45. Nd2 Ke7
46. Ne4 Nc7 47. Nc3 Ke6 48. Ne2 Ke5 49. f4+ Kd5 50. Nc3+ Kc4 51. Ne4 Nd5+ 52.
Kf3 Kd4 53. g3 {(=)} Kc4 54. g5 f5 55. Nf6 h5 56. Nd7 Kd4 57. Ne5 Ne7 58. Nf7
Kd3 59. Ne5+ Kd4 60. Nf7 Kd3 {(=)} 1/2-1/2

[Event "DVM U20 2017"]
[Site "Düsseldorf GER"]
[Date "2017.12.30"]
[Round "7"]
[White "Finke, Dominik"]
[Black "Brüll, Elias"]
[Result "1-0"]
[Termination "normal"]
[Board "5.5"]
[WhiteElo "2049"]
[BlackElo "1802"]
[WhiteTeam "SG Bochum"]
[BlackTeam "SC Bavaria Regensburg"]
[PlyCount "73"]
[WhiteFideId "16202511"]
[BlackFideId "12964921"]
[EventCountry "GER"]
[EventRounds "7"]
[EventType "team-swiss"]
[EventDate "2017.12.26"]

1. c4 e5 2. g3 Nf6 3. Bg2 d5 4. cxd5 Nxd5 5. Nf3 Nc6 6. O-O Be7 7. d4 e4 8. Ne5
f5 9. Nxc6 bxc6 10. Nc3 Be6 11. e3 O-O 12. Nxd5 cxd5 13. Bd2 c5 14. dxc5 Bxc5
15. Bc3 Qb6 16. Qa4 Rf7 17. Rfd1 Be7 18. Rac1 Bf6 19. Bxf6 Rxf6 20. b3 Qb7 21.
Bf1 Bf7 22. Bb5 Rd8 23. Rc5 Rfd6 24. Qd4 Qb6 25. Rdc1 a6 26. Ba4 Rf6 27. Rc8
Rf8 28. Rxf8+ Kxf8 29. Rc8+ Ke7 30. Qe5+ Be6 31. Rc7+ Kf8 32. Rc6 Qb4 33. Rxe6
Qe1+ 34. Kg2 Qe2 35. Rxf6+ gxf6 36. Qxf6+ Kg8 37. Qg5+ 1-0

[Event "DVM U20 2017"]
[Site "Düsseldorf GER"]
[Date "2017.12.30"]
[Round "7"]
[White "Oberhofer, Marie"]
[Black "Fistoul, Boris"]
[Result "1/2-1/2"]
[Termination "normal"]
[Board "5.6"]
[WhiteElo "1714"]
[BlackElo "1924"]
[WhiteTeam "SC Bavaria Regensburg"]
[BlackTeam "SG Bochum"]
[PlyCount "271"]
[WhiteFideId "12938165"]
[BlackFideId "12953962"]
[EventCountry "GER"]
[EventRounds "7"]
[EventType "team-swiss"]
[EventDate "2017.12.26"]

1. e4 e6 2. d4 b6 3. Bd3 Bb7 4. Nf3 c5 5. c3 Nf6 6. Nbd2 Nc6 7. O-O Be7 8. Re1
d5 9. e5 Nd7 10. Nf1 h6 11. Ng3 Qc7 12. Nh5 g6 13. Ng3 O-O-O 14. a4 Rdg8 15.
Qe2 cxd4 16. Nxd4 Ncxe5 17. Bf4 Bf6 18. Nb5 Qb8 19. c4 g5 20. Be3 h5 21. cxd5
Bxd5 22. Rac1+ Kd8 23. Ne4 Be7 24. Bd4 g4 25. Qc2 Bc6 26. a5 h4 27. axb6 axb6
28. Nd2 Nf3+ 29. Nxf3 gxf3 30. Qxc6 Rxg2+ 31. Kf1 Rhg8 32. Qxf3 e5 33. Be3 Nc5
34. Qd5+ Ke8 35. Bxc5 Bxc5 36. Rxe5+ Kf8 37. Rxc5 bxc5 38. Qxc5+ Kg7 {(=)} 39.
Qd4 Rg1+ 40. Kxg1 Kf6+ 41. Kf1 Qxe5 42. Qxh4+ Kg7 43. Qh7+ Kf8 44. Bc4 Qf4 45.
Qc2 Qxh2 46. Qf5 Rg7 47. Qc8+ Ke7 48. Qc5+ Kf6 49. Qc6+ Ke7 50. Qe4+ Kf8 51.
Nc3 Rg1+ 52. Ke2 Qh5+ 53. Kd3 Qh6 54. Qf5 Qd6+ 55. Qd5 Qf6 56. Qc5+ Kg8 57.
Qc8+ Kg7 58. Qc5 Kg8 59. Qd4 Qf5+ 60. Kd2 Rg4 61. Qd8+ Kg7 62. Be2 Qxf2 63. Kc2
Rg3 64. Qe7 Re3 65. Qg5+ Kf8 66. Qc5+ Kg7 67. Qd4+ Kf8 68. Qd8+ Re8 69. Qd6+
Kg7 70. Qd3 Kf8 71. b4 Kg8 72. b5 Re3 73. Qc4 Re8 74. Kb3 Qb6 75. Bh5 Qe6 76.
Qxe6 Rxe6 77. Kc4 Rb6 78. Kc5 Rxb5+ 79. Nxb5 Kg7 80. Kd5 f6 81. Ke6 f5 82. Kxf5
Kh8 83. Kg6 Kg8 84. Bg4 Kh8 85. Nd6 Kg8 86. Be6+ Kh8 87. Kf7 Kh7 88. Nf5 Kh8
89. Ne7 Kh7 90. Ng6 Kh6 91. Kf6 Kh7 92. Bf7 Kh6 93. Bg8 Kh5 94. Ne5 Kh4 95. Kf5
Kg3 96. Ke4 Kh4 97. Kf5 Kg3 98. Bc4 Kf2 99. Kf4 Ke1 100. Ke3 Kd1 101. Kd3 Kc1
102. Kc3 Kb1 103. Nf3 Ka1 104. Nd4 Kb1 105. Nc2 Kc1 106. Ba2 Kd1 107. Nd4 Ke1
108. Kd3 Kf2 109. Ke4 Ke1 110. Bb3 Kd2 111. Nb5 Kc1 112. Kd3 Kb2 113. Bd5 Kb1
114. Kc3 Ka1 115. Kb3 Kb1 116. Nd4 Ka1 117. Be6 Kb1 118. Nc2 Kc1 119. Kc3 Kb1
120. Bd5 Kc1 121. Ba2 Kd1 122. Kd3 Kc1 123. Kc3 Kd1 124. Bc4 Kc1 125. Nd4 Kb1
126. Bd3+ Ka1 127. Nc2+ Ka2 128. Nb4+ Ka1 129. Nd5 Ka2 130. Kc2 Ka1 131. Be2
Ka2 132. Bd1 Ka1 133. Kb3 Kb1 134. Nb4 Ka1 135. Nc2+ Kb1 136. Bf3 1/2-1/2

[Event "DVM U20 2017"]
[Site "Düsseldorf GER"]
[Date "2017.12.30"]
[Round "7"]
[White "Kruse, Janik"]
[Black "Eichstaedt, Mirko"]
[Result "1/2-1/2"]
[Termination "normal"]
[Board "6.1"]
[BlackTitle "CM"]
[WhiteElo "2052"]
[BlackElo "2147"]
[WhiteTeam "LSV Turm Lippstadt"]
[BlackTeam "USV Potsdam"]
[PlyCount "44"]
[WhiteFideId "16200250"]
[BlackFideId "24692310"]
[EventCountry "GER"]
[EventRounds "7"]
[EventType "team-swiss"]
[EventDate "2017.12.26"]

1. d4 d5 2. c4 c6 3. cxd5 cxd5 4. Nc3 Nf6 5. Bf4 Nc6 6. e3 Bf5 7. Nf3 e6 8. Bd3
Bxd3 9. Qxd3 Nh5 10. Bg5 Qb6 11. O-O h6 12. Bh4 g5 13. Bg3 Nxg3 14. hxg3 g4 15.
Nd2 h5 16. a3 Bd6 17. Rfc1 f5 18. b4 Qd8 19. Kf1 h4 20. gxh4 Qxh4 21. Ke2 Rc8
22. Na4 Kf7 1/2-1/2

[Event "DVM U20 2017"]
[Site "Düsseldorf GER"]
[Date "2017.12.30"]
[Round "7"]
[White "Tiarks, Jann-Christian"]
[Black "Kettler, Ilija Jonas"]
[Result "1-0"]
[Termination "normal"]
[Board "6.2"]
[WhiteElo "2123"]
[BlackElo "2032"]
[WhiteTeam "USV Potsdam"]
[BlackTeam "LSV Turm Lippstadt"]
[PlyCount "73"]
[WhiteFideId "12951595"]
[BlackFideId "16216610"]
[EventCountry "GER"]
[EventRounds "7"]
[EventType "team-swiss"]
[EventDate "2017.12.26"]

1. e4 e5 2. Nf3 Nc6 3. d4 exd4 4. Nxd4 Nf6 5. Nxc6 bxc6 6. Nc3 Bb4 7. Bd3 d5 8.
exd5 cxd5 9. O-O O-O 10. h3 h6 11. Qf3 c6 12. Bf4 Bd6 13. Ne2 c5 14. Bxd6 Qxd6
15. c4 Rb8 16. cxd5 Rxb2 17. Nc3 Qe5 18. Rfe1 Qh5 19. Qxh5 Nxh5 20. Na4 Rb4 21.
Nxc5 Nf4 22. Be4 Rd8 23. Nd3 Rxe4 24. Rxe4 Nxd3 25. Rd4 Bf5 26. Rd1 Nc5 27. Rc1
Ne4 28. Rc7 a5 29. Ra7 Nc3 30. Rd2 a4 31. g4 Be4 32. d6 Kf8 33. Ra5 Bb1 34. d7
Ne4 35. Rb2 Nc3 36. Rc5 a3 37. Rb8 1-0

[Event "DVM U20 2017"]
[Site "Düsseldorf GER"]
[Date "2017.12.30"]
[Round "7"]
[White "Kuckling, Linus"]
[Black "Cech, Tim"]
[Result "0-1"]
[Termination "normal"]
[Board "6.3"]
[WhiteElo "1804"]
[BlackElo "2023"]
[WhiteTeam "LSV Turm Lippstadt"]
[BlackTeam "USV Potsdam"]
[PlyCount "52"]
[WhiteFideId "24658243"]
[BlackFideId "1270258"]
[EventCountry "GER"]
[EventRounds "7"]
[EventType "team-swiss"]
[EventDate "2017.12.26"]

1. e4 e6 2. d4 d5 3. Nc3 Nf6 4. exd5 Nxd5 5. Nxd5 exd5 6. Bd3 Bd6 7. Nf3 Nc6 8.
O-O O-O 9. c3 Ne7 10. Re1 Bf5 11. Qc2 Bxd3 12. Qxd3 Ng6 13. Bg5 f6 14. Be3 Qd7
15. Qd2 Rfe8 16. Rad1 Re4 17. Qc2 Rae8 18. Bc1 Qe6 19. Rxe4 dxe4 20. Re1 Nf4
21. Bxf4 Bxf4 22. Nd2 Bxd2 23. Qxd2 Qxa2 24. f3 f5 25. Qf4 Qxb2 26. fxe4 Qxc3
0-1

[Event "DVM U20 2017"]
[Site "Düsseldorf GER"]
[Date "2017.12.30"]
[Round "7"]
[White "Shevelko, Alexander"]
[Black "Neudorf, Noah Levin"]
[Result "1/2-1/2"]
[Termination "normal"]
[Board "6.4"]
[WhiteElo "1883"]
[BlackElo "1830"]
[WhiteTeam "USV Potsdam"]
[BlackTeam "LSV Turm Lippstadt"]
[PlyCount "48"]
[WhiteFideId "12952125"]
[BlackFideId "12965693"]
[EventCountry "GER"]
[EventRounds "7"]
[EventType "team-swiss"]
[EventDate "2017.12.26"]

1. d4 e6 2. c4 b6 3. Nc3 Bb7 4. e4 Bb4 5. Qc2 Bxc3+ 6. bxc3 Ne7 7. Bd3 f5 8. f3
O-O 9. Ne2 fxe4 10. fxe4 Ng6 11. Ba3 Rf7 12. g3 e5 13. O-O-O Qg5+ 14. Kb1 d6
15. h4 Qe7 16. h5 Nf8 17. g4 Nbd7 18. Ng3 exd4 19. Nf5 Qg5 20. Bc1 Qd8 21. cxd4
Qe8 {(=)} 22. Rh3 Nf6 23. d5 Bc8 24. g5 Nxe4 1/2-1/2

[Event "DVM U20 2017"]
[Site "Düsseldorf GER"]
[Date "2017.12.30"]
[Round "7"]
[White "Homfeldt, Christopher"]
[Black "Ender, Paul Marius"]
[Result "1/2-1/2"]
[Termination "normal"]
[Board "6.5"]
[WhiteElo "1743"]
[BlackElo "1800"]
[WhiteTeam "LSV Turm Lippstadt"]
[BlackTeam "USV Potsdam"]
[PlyCount "24"]
[WhiteFideId "16220293"]
[BlackFideId "12936545"]
[EventCountry "GER"]
[EventRounds "7"]
[EventType "team-swiss"]
[EventDate "2017.12.26"]

1. e4 e5 2. f4 exf4 3. Nf3 Be7 4. Bc4 d6 5. O-O Bg4 6. d4 g5 7. Bxf7+ Kxf7 8.
Nxg5+ Bxg5 9. Qxg4 h5 10. Qg3 Ke8 11. Bxf4 Bxf4 12. Qg6+ Kd7 1/2-1/2

[Event "DVM U20 2017"]
[Site "Düsseldorf GER"]
[Date "2017.12.30"]
[Round "7"]
[White "Zähringer, Daniel"]
[Black "Siegert, Gregor"]
[Result "1/2-1/2"]
[Termination "normal"]
[Board "7.1"]
[WhiteElo "2042"]
[BlackElo "1750"]
[WhiteTeam "SK König Plauen"]
[BlackTeam "Schachforum Darmstadt"]
[PlyCount "70"]
[WhiteFideId "12970280"]
[BlackFideId "1271250"]
[EventCountry "GER"]
[EventRounds "7"]
[EventType "team-swiss"]
[EventDate "2017.12.26"]

1. d4 Nf6 2. Bg5 Ne4 3. Bf4 c5 4. f3 Qa5+ 5. c3 Nf6 6. d5 Qb6 7. e4 Qxb2 8. Nd2
Qxc3 9. Bc7 d6 10. Rb1 Qe3+ 11. Ne2 Na6 12. Nc4 Qh6 13. Ba5 g5 14. Bd2 Qh4+ 15.
g3 Qh5 16. Bg2 Bg7 17. h4 gxh4 18. Rxh4 Qg6 19. Kf2 h5 20. Nf4 Qh7 {(=)} 21.
Qa4+ Kf8 22. Bh3 Bxh3 23. Rxh3 Nxe4+ 24. fxe4 Qxe4 25. Re1 Bd4+ 26. Be3 h4 27.
Kg1 {(=)} Nb4 28. Qd1 Rg8 29. Ng2 Nc2 30. Rxh4 Nxe3 31. Ncxe3 Qe5 32. Rh3 Qxd5
33. Kh2 Qg5 34. Qf3 Rb8 35. Nf5 Bf6 1/2-1/2

[Event "DVM U20 2017"]
[Site "Düsseldorf GER"]
[Date "2017.12.30"]
[Round "7"]
[White "Linnert, Niklas"]
[Black "Tampe, Friederike"]
[Result "1-0"]
[Termination "normal"]
[Board "7.3"]
[WhiteElo "1979"]
[BlackElo "1461"]
[WhiteTeam "SK König Plauen"]
[BlackTeam "Schachforum Darmstadt"]
[PlyCount "155"]
[WhiteFideId "12974781"]
[BlackFideId "12973939"]
[EventCountry "GER"]
[EventRounds "7"]
[EventType "team-swiss"]
[EventDate "2017.12.26"]

1. e4 e5 2. Nf3 Nc6 3. Bb5 a6 4. Ba4 Nf6 5. O-O b5 6. Bb3 Be7 7. Re1 O-O 8. c3
d6 9. h3 Bb7 10. d3 h6 11. Nbd2 Re8 12. Nf1 Qd7 13. Ng3 Rad8 14. d4 Bf8 15. a4
exd4 16. cxd4 Na5 17. Bc2 Ra8 18. b3 c5 19. Bd2 Nc6 20. Bc3 cxd4 21. Nxd4 Nxd4
22. Qxd4 Qc6 23. Rac1 Rac8 24. Bb2 Re6 25. Bb1 Qd7 26. Rxc8 Qxc8 27. Qd3 g6 28.
axb5 axb5 29. Qxb5 Bg7 30. Ba3 Qa8 31. Qa4 d5 32. e5 Qxa4 33. bxa4 Nd7 34. f4
Nb6 35. a5 Nc4 36. Bb4 Bf8 37. Bc3 Bc5+ 38. Kh2 d4 39. Ba2 dxc3 40. Bxc4 Rc6
41. Bd5 Rc7 42. Bxb7 Rxb7 43. Ne4 Bb4 44. a6 Ra7 45. Rb1 c2 46. Rc1 Rxa6 47.
Rxc2 Ra7 48. g4 Kf8 49. Rc8+ Kg7 50. Nf6 Bf8 51. f5 Re7 52. Kg3 Rb7 53. Rd8 Rb6
54. h4 Ra6 55. Nd7 Bb4 56. f6+ Kh7 57. Nf8+ Bxf8 58. Rxf8 Ra7 59. Kf3 Rb7 60.
h5 g5 61. Rd8 Ra7 62. Ke4 Ra4+ 63. Rd4 Ra5 64. Rc4 Rb5 65. Kd4 Ra5 66. Rc5 Ra4+
67. Kd5 Rxg4 68. Rc7 Kg8 69. Kd6 Re4 70. Rc8+ Kh7 71. Rf8 Rf4 72. Rxf7+ Kg8 73.
Rg7+ Kh8 74. Ke7 Rf5 75. e6 Ra5 76. Kf7 Ra7+ 77. e7 Rb7 78. Kg6 1-0

[Event "DVM U20 2017"]
[Site "Düsseldorf GER"]
[Date "2017.12.30"]
[Round "7"]
[White "Münk, Johannes"]
[Black "Merkel, Toni"]
[Result "0-1"]
[Termination "normal"]
[Board "7.4"]
[WhiteElo "1540"]
[BlackElo "1884"]
[WhiteTeam "Schachforum Darmstadt"]
[BlackTeam "SK König Plauen"]
[PlyCount "76"]
[WhiteFideId "16241983"]
[BlackFideId "12902624"]
[EventCountry "GER"]
[EventRounds "7"]
[EventType "team-swiss"]
[EventDate "2017.12.26"]

1. d4 Nf6 2. Bf4 g6 3. Nc3 Bg7 4. e4 d6 5. h4 h5 6. Nf3 Bg4 7. Be2 Nfd7 8. Qd2
Nc6 9. e5 dxe5 10. d5 Bxf3 11. gxf3 Nd4 12. Bg5 Nb6 13. f4 Nxd5 14. fxe5 Bxe5
15. Nxd5 Qxd5 16. O-O-O Qxa2 17. Bb5+ c6 18. Qb4 Nf5 19. Bc4 Qa1+ 20. Kd2
O-O-O+ 21. Ke2 Nd4+ 22. Ke3 Nf5+ 23. Ke2 Qxb2 24. Qa4 Nd4+ 25. Kf1 Qxc2 26.
Qxc2 Nxc2 27. Rc1 Nd4 28. Bxf7 Bf6 29. Bf4 e5 30. Bg3 Nf5 31. Bh2 Ne7 32. Kg2
Rd4 33. Rhe1 Rhd8 34. Be6+ Kc7 35. Rxe5 Bxe5 36. Bxe5+ R4d6 37. Kg3 Nf5+ 38.
Kf4 Nd4 0-1

[Event "DVM U20 2017"]
[Site "Düsseldorf GER"]
[Date "2017.12.30"]
[Round "7"]
[White "Syrov, Arkadi"]
[Black "Savchenko, Daniel"]
[Result "1/2-1/2"]
[Termination "normal"]
[Board "8.1"]
[WhiteElo "2279"]
[BlackElo "2080"]
[WhiteTeam "SK Frankenthal"]
[BlackTeam "Düsseldorfer SK"]
[PlyCount "62"]
[WhiteFideId "12942448"]
[BlackFideId "12919195"]
[EventCountry "GER"]
[EventRounds "7"]
[EventType "team-swiss"]
[EventDate "2017.12.26"]

1. e4 c5 2. Nf3 e6 3. g3 Nc6 4. Bg2 Nf6 5. Nc3 Qc7 6. O-O a6 7. d4 cxd4 8. Nxd4
h5 9. h3 Bc5 10. Nb3 Ba7 11. Bf4 Ne5 12. Nd4 d6 13. Nf3 b5 14. a4 b4 15. Na2
Bb7 16. Ng5 a5 17. c3 Bc5 18. cxb4 axb4 19. Nc1 Rd8 20. Re1 Qb6 21. Be3 Nc4 22.
Bxc5 dxc5 23. Qc2 Na5 24. b3 Ba6 25. Rd1 Rxd1+ 26. Qxd1 Qc7 27. Ra2 Ke7 28. Bf1
Bb7 29. Bg2 h4 30. g4 Ba6 31. Bf1 Bb7 {(=)} 1/2-1/2

[Event "DVM U20 2017"]
[Site "Düsseldorf GER"]
[Date "2017.12.30"]
[Round "7"]
[White "Lechner, Alexander"]
[Black "Tresch, Lukas"]
[Result "0-1"]
[Termination "normal"]
[Board "8.2"]
[WhiteElo "1830"]
[BlackElo "2020"]
[WhiteTeam "Düsseldorfer SK"]
[BlackTeam "SK Frankenthal"]
[PlyCount "80"]
[WhiteFideId "12956074"]
[BlackFideId "12938866"]
[EventCountry "GER"]
[EventRounds "7"]
[EventType "team-swiss"]
[EventDate "2017.12.26"]

1. d4 Nf6 2. Bf4 e6 3. Nf3 c5 4. e3 cxd4 5. exd4 Be7 6. h3 b6 7. Nbd2 Bb7 8. c3
O-O 9. Bd3 d6 10. O-O Nbd7 11. Qe2 a6 12. a4 Qc7 13. Rfe1 Rfe8 14. Bh2 Bf8 15.
c4 Rac8 16. b4 e5 17. dxe5 dxe5 18. Rab1 Rcd8 19. Ne4 Nxe4 20. Bxe4 Bxe4 21.
Qxe4 Rc8 22. Rec1 Nf6 23. Qe2 Bd6 24. c5 bxc5 25. Qxa6 Ra8 26. Qd3 Rxa4 27.
bxc5 Bxc5 28. Bxe5 Qa7 29. Rc2 Ne4 30. Qb5 Bxf2+ 31. Kh1 Qa8 32. Rc7 Ra5 33.
Qd7 Rf8 34. Qg4 Rxe5 35. Nxe5 Qa5 36. Re7 Qc5 37. Qxe4 Qxe7 38. Rb7 Qg5 39.
Rxf7 Qc1+ 40. Kh2 Qg1# 0-1

[Event "DVM U20 2017"]
[Site "Düsseldorf GER"]
[Date "2017.12.30"]
[Round "7"]
[White "Mäurer, Fabian"]
[Black "Lückerath, Moritz"]
[Result "1-0"]
[Termination "normal"]
[Board "8.3"]
[WhiteElo "1968"]
[BlackElo "1867"]
[WhiteTeam "SK Frankenthal"]
[BlackTeam "Düsseldorfer SK"]
[PlyCount "55"]
[WhiteFideId "12965944"]
[BlackFideId "12954810"]
[EventCountry "GER"]
[EventRounds "7"]
[EventType "team-swiss"]
[EventDate "2017.12.26"]

1. Nf3 g6 2. c4 Bg7 3. Nc3 c5 4. d4 cxd4 5. Nxd4 Nc6 6. Nc2 d6 7. e4 Nf6 8. Be2
O-O 9. O-O Bd7 10. Bd2 a6 11. f3 Rc8 12. Rc1 Ne8 13. Ne3 Nd4 14. Nc2 Nxe2+ 15.
Qxe2 b5 16. cxb5 Bxc3 17. Bxc3 Bxb5 18. Qd2 Bxf1 19. Rxf1 Nc7 20. Ne3 Qd7 21.
a4 e5 22. Bxe5 Qxa4 23. Qxd6 Rfd8 24. Qf6 Kf8 25. Bxc7 Re8 26. Bd6+ Kg8 27. Be5
Kf8 28. Nd5 1-0